| 000 | 01191nam a2200337 i 4500 | ||
|---|---|---|---|
| 001 | 7862 | ||
| 003 | ES-MaACL | ||
| 005 | 20250805003716.0 | ||
| 007 | t| | ||
| 008 | 910516s1990 sp ||||1| spa d | ||
| 020 | _a84-7628-076-9 | ||
| 080 | _a001(46)"19" | ||
| 080 | _a92 Terradas, Esteban | ||
| 080 | _a5/6(46)"19" | ||
| 100 | 1 |
_aRoca Rosell, Antoni. _998010 |
|
| 245 | 1 | 0 |
_aEsteban Terradas _b: (1833-1950) : ciencia y tecnica en la España contemporanea / _cAntoni Roca Rosell, Jose Manuel Sanchez Ron ; prologo de Enric Trillas. |
| 250 | _a1a ed. | ||
| 260 |
_aMadrid : _bInstituto Nacional de Tecnica Aeroespacial : _b; Barcelona : Serbal, _c1990. |
||
| 300 |
_a358 p. : _bil. ; _c26 cm. |
||
| 490 | 1 |
_aLibros del buen andar ; _v25 |
|
| 500 | _aIndices. | ||
| 504 | _aBibliogr.: p. 339-350. | ||
| 600 | 1 | 4 |
_aTerradas, Esteban. _9109767 |
| 650 | 1 | 4 |
_aCiencia- _zEspaña- _yS.XX. _910946 |
| 650 | 1 | 4 |
_aTecnología- _zEspaña- _yS.XX. _917405 |
| 700 | 1 |
_aSánchez Ron, José Manuel, _d1949- _9102904 |
|
| 700 | 1 |
_aTrillas, Enric. _9111427 |
|
| 830 | 0 |
_aLibros del buen andar ; _v25 _9177977 |
|
| 852 |
_aES-MaACL _jL-15169 _bR.119050 _z. - cart. |
||
| 999 |
_c7862 _d7862 |
||